| 000 | 00402nam a2200169Ia 4500 | ||
|---|---|---|---|
| 005 | 20250123004150.0 | ||
| 008 | 240331s9999 xx 000 0 und d | ||
| 082 |
_bFEL _a920 |
||
| 100 | _aFelsinger, C | ||
| 245 | 0 | _aIt was the babbler's nest | |
| 260 |
_aColombo _bLake House Investments Ltd _c1972 |
||
| 300 | _a155 p ., | ||
| 500 | _a | ||
| 650 | _aPoems | ||
| 650 | _aShort Stories | ||
| 942 | _cL | ||
| 999 |
_c3442 _d3442 |
||